| 000 | 00591nam a2200169 4500 | ||
|---|---|---|---|
| 001 | 111302 | ||
| 003 | ES-MaACL | ||
| 005 | 20230906185259.0 | ||
| 007 | t| | ||
| 008 | 061121s1946 sp r ||||1| spa d | ||
| 100 | 1 |
_aNájera Angulo, Luis. _984870 |
|
| 245 | 1 | 3 |
_aUn caso notable de hipersensibilidad al veneno de las abejas / _cLuis Nájera Angulo. |
| 260 |
_aMadrid : _b[s.n.], _c1946. |
||
| 300 |
_a11 h. ; _c25 cm. |
||
| 500 | _aEs tirada aparte del Boletín de la Real Sociedad Española de Historia Natural. T. XLIV, 1946 , pág. 539-559. | ||
| 852 |
_aES-MaACL _j1875-F-16 _bR.25123 |
||
| 999 |
_c111302 _d111302 |
||